Eiger po druhý raz

Bibliographic Details
Main Author: Sabovčík, Michal (Author)
Format: Article
Language:Slovak
Subjects:

MARC

LEADER 00000nab a2200000Ia 4500
001 vtls010857688
003 SK-MaSNL
005 20260304052308.0
008 230121|2012 xo |||||||||||||||||slo|
035 |a (urnnbn)urn:nbn:sk:snk:ar-a07nrj 
035 |a urn:nbn:sk:snk-ab6ghp 
035 |a (uuid)c97f1b9b-9bab-4f9a-b1a0-3c013c90bf3b 
040 |a SNKBUCL  |b slo  |c SNKBUCL  |e AACR2 
041 0 |a slo 
044 |a xo  |c SK 
080 |a a 4 miestne určenie  |2 2001 
080 |a (494)  |2 2001 
080 |a 796.52  |2 2001 
100 1 |a Sabovčík, Michal  |4 aut  |9 623140 
245 1 0 |a Eiger po druhý raz  |c Michal Sabovčík 
648 7 |a 24.3.-1.4.2012  |2 SNK  |9 1335352 
650 0 7 |a horolezectvo  |2 SNKPH  |9 1050 
651 7 |a Alpy (pohorie)  |2 SNKPH  |9 51997 
651 7 |a Švajčiarsko  |2 SNKPH  |9 20143 
773 0 |t Horolezec : odborný, metodický a informačný časopis Slovenského horolezeckého spolku JAMES  |g Roč. 44, č. 3 (2012), s. 28-[31] 
954 |a odborná, vedecká literatúra pôvodná (slovenská)  |2 lita 
958 |a OND 
958 |a EUIPO 
958 |a article5 
999 |c 2707621  |d 2709551